000 01172nam0a22003131 4500
001 RU\INFOCOMM_322\NLR\5000261632
005 20250614080511.0
035 _a(NLR Aleph) 010603012
090 _a10543652
_c10543652
100 _a20130324d1985 |||y0rusy50 ca
101 0 _ager
102 _aRU
105 _ay z||||
200 1 _aˆDie ‰Grundlagen des Friedens in Europa
_fD. Projektor
210 _aM.
_cNauka
_d1985
215 _a112 с.
_d21 см
225 1 _aWeltfrieden und Abrüstung
_fWiss. Rat für Friedens- u. Abrüstungsforschungen
300 _aВ вып. дан.: Основы мира в Европе / Проэктор Даниил Михайлович
320 _aБиблиогр. в примеч.: с. 106-107
320 _a"Kurze Bibliogr. der sow. Lit. zu Abrüstungsproblemen": с. 111-112
606 0 _aКоллективная безопасность в Европе
_2nlr_sh1
620 _aМосква
686 _aТ3(0)63-611.1
_2rubbk
700 1 _aProéktor
_bD. M.
_f1917-
_gDaniil Michajlovič
801 1 _aRU
_bInfocomm
_c20130324
801 0 _aRU
_bINFOCOMM
_gPSBO
852 _aNLR
_jИ25 Д-3/565
942 _cBOOK
980 _aNB